| 000 | 00571nam a2200205 i 4500 | ||
|---|---|---|---|
| 999 |
_c8003 _d8003 |
||
| 001 | Rebiun31320430 | ||
| 003 | OSt | ||
| 005 | 20241218133719.0 | ||
| 008 | 221003s2022 sp |||||r 001 | spa|d | ||
| 017 | _aM 11502-2022 | ||
| 020 | _a9788441545359 | ||
| 040 |
_aUVA _bspa _cCDMR |
||
| 100 |
_aAcconcia, Valentà _94996 |
||
| 245 | 1 | 0 |
_aCrowdfunding : _bfinancia y lanza tu proyecto / _cValentà Acconcia |
| 260 |
_aMadrid : _bAnaya Multimedia, _c2022 |
||
| 300 |
_a342 p. ; _c23 cm |
||
| 490 | 1 | _aSocial Business | |
| 650 | 0 |
_aEmprenedoria _93077 |
|
| 942 |
_2udc _cMON |
||